000 00332nam a2200133 a 4500
005 20140412111328.0
008 110121s19uu xx 00 eng d
050 _aER
_bGa11 1991
100 _aDavis, Jim
245 _aGarfield at the gym.
260 _aRacine, Wisconsin :
_bA Golden Book,
_c1991.
440 _a
999 _c104794
_d104794